Der Jenseitsweg der Nofretari Bilder aus dem Grab einer ägyptischen Königin : mit

محفوظ في:

المؤلف الرئيسي: Edmund Dondelinger

التنسيق: كتاب

اللغة: Undetermined

منشور في: u. Verlagsanstalt--Graz Akademische Druck 1977

الموضوعات:

الوسوم: إضافة وسم

لا توجد وسوم, كن أول من يضع وسما على هذه التسجيلة!

رقم الطلب: (L) BL2450 E8 D66

LEADER 00699nam a2200181Ia 4500
008 221124s9999||||xx |||||||||||||| ||und||
020 |a 3201010375 
050 4 |a (L) BL2450 E8 D66 
100 1 |a Edmund Dondelinger 
245 1 0 |a  Der Jenseitsweg der Nofretari  |b  Bilder aus dem Grab einer ägyptischen Königin : mit 
264 1 |a u. Verlagsanstalt--Graz  |b Akademische Druck  |c 1977 
300 |a 126.p  |b Part col.  |c 25*28cm 
504 |a Bibliography p.57-58  
650 4 |a Art, Egyptian 
650 4 |a Nefertari, Queen, consort of Rameses II, King of Egypt 
942 |2 lcc  |c BK 
952 |0 0  |1 0  |2 lcc  |4 0  |7 1  |9 44019  |a ARCE  |b ARCE  |d 2022-11-24  |l 0  |o (L) BL2450 E8 D66  |r 2022-11-24 00:00:00  |w 2022-11-24  |y BK 
999 |c 50476  |d 50476